[Event "Solingen-ch"]
[Site "Solingen"]
[Date "2013.09.27"]
[Round "2"]
[White "Sherif, Malik"]
[Black "Meckel, Helmut"]
[Result "0-1"]
[WhiteElo "1454"]
[BlackElo "1831"]
[PlyCount "72"]
[EventDate "2013.09.13"]
[EventType "swiss"]
[EventRounds "7"]
[EventCountry "GER"]
[SourceTitle "EXT 2015"]
[Source "ChessBase"]
[SourceDate "2014.11.20"]
[SourceVersion "1"]
[SourceVersionDate "2014.11.20"]
[SourceQuality "1"]

1. Nf3 e6 2. g3 d5 3. Bg2 c5 4. c4 Nf6 5. 0-0 Nc6 6. cxd5 exd5 7. d4 Bg4 8. dxc5 Ne4 9. Nbd2 Nxc5 10. Re1 Be7 11. Nf1 d4 12. Bf4 d3 13. h3 dxe2 14. Rxe2 Bxf3 15. Bxf3 Ne6 16. Rd2 Qa5 17. Be3 0-0 18. a3 Rad8 19. Rc1 Rxd2 20. Bxd2 Qb6 21. b4 Rd8 22. Bg2 Bf6 23. Qe1 Bb2 24. Be3 Qa6 25. Rb1 Qxa3 26. Bd2 Bf6 27. b5 Ncd4 28. Bxb7 Qd3 29. Be4 Ne2+ 30. Kh2 Qxe4 31. Rb4 N6d4 32. Rxd4 Bxd4 33. Ne3 Bxe3 34. Bxe3 Nd4 35. Qd1 Nf3+ 36. Kh1 Rxd1+ 0-1